Arrêts de la ligne 78 de Lyon (TCL) - Statistiques

Statistiques générales
  • Ce quiz a été pris 13 fois
  • Le résultat moyen est 16 sur 44
Statistiques - réponses
Arrondissement Arrêt % Correct
Saint-Genis-Laval Saint-Genis 2
75%
Charly Charly Centre
50%
Charly Charly Église
50%
Saint-Genis-Laval Gadagne - Égalité
50%
Givors Gare de Givors Canal
50%
Givors Gare de Givors Ville
50%
Saint-Genis-Laval Saint-Genis Barolles
50%
Saint-Genis-Laval Saint-Genis Gadagne
50%
Saint-Genis-Laval Saint-Genis-Laval Hôpital Lyon Sud
50%
Saint-Genis-Laval Saint-Genis Lycée Descartes
50%
Grigny Arboras
38%
Saint-Genis-Laval Barolles Centre
38%
Vernaison Bois Comtal
38%
Saint-Genis-Laval Bois des Chênes
38%
Givors Givors Picard
38%
Grigny Grigny La Colombe
38%
Saint-Genis-Laval La Chataigneraie
38%
Vernaison Les Essards
38%
Saint-Genis-Laval Les Fraisiers
38%
Grigny Mayer
38%
Saint-Genis-Laval Observatoire
38%
Givors Robespierre Carnot
38%
Saint-Genis-Laval Saint-Abdon
38%
Saint-Genis-Laval Saint-Genis Lycée Paillot
38%
Grigny Terrasse des Arboras
38%
Saint-Genis-Laval Z.A. Barolles
38%
Givors Bonnefond
25%
Grigny Centre Chervet
25%
Grigny Dutartre
25%
Charly Flachères
25%
Saint-Genis-Laval Gadagne - Foch
25%
Givors Givors Leclerc
25%
Saint-Genis-Laval La Gadinière
25%
Saint-Genis-Laval Lardillet
25%
Grigny La Rochère
25%
Charly La Serve
25%
Grigny Le Manoir
25%
Charly Le Pelet
25%
Charly Les Mésanges
25%
Saint-Genis-Laval Les Oliviers
25%
Saint-Genis-Laval Les Sapins
25%
Grigny Pététin
25%
Vernaison Vernaison La Rossignole
25%
Grigny Waldeck - Rousseau
25%
Aucun quiz correspondant
Distribution des résultats
% des personnes avec chaque résultat
Percentile par nombre de réponses
Votre historique - résultats
Vous n’avez pas pris ce quiz